000 00498nam a22001697a 4500
005 20250722155813.0
008 250722b |||||||| |||| 00| 0 eng d
020 _a978 1 86197 278 1
050 _aBD 438 G74 2000
100 _aGREENE, ROBERT
245 _aTHE 48 LAWS OF POWER
260 _aLONDON
_bPROFILE BOOKS
_c2000
300 _aXXIII, 452 P.
500 _aINCLUDES BIBLIOGRAPHICAL REFERENCES AND INDEX
650 _a1. POWER (PHILOSOPHY) 2. CONTROL (PSYCHOLOGY)
942 _2lcc
_cBK
999 _c215955
_d215955